000 01404cam a2200229 4500
001 ABS66805
008 030602n2003 000 0 eng u
035 _a(Sirsi) u122499
100 _aBeddoe, M.
245 _aHelping hand for wind power
260 _c2003
490 _aPlanning (for the Natural and Built Environment)
_v28 March 2003, 16(1)
520 _aExamines the difficulties of planning for renewable energy provision, acknowledged for the first time in the Energy White Paper. Puts forward a number of proposals such as a memorandum of understanding to increase co-operation between developers, local authorities and communities or radically changing the decision-making process. Also suggests partnership-based action plans for renewable energy, an internet-based accredited training programme to provide guidance for planning officers and a relaxation of environmental impact assessment regulations to speed up the planning process for small-scale wind energy developments. Concludes that increased co-operation between stakeholders could help to balance the national need for renewable energy against local environmental impact.
590 _aABS
650 _aWIND POWER
650 _aWIND FARMS
650 _aRENEWABLE ENERGY
650 _aENVIRONMENTAL IMPACT ASSESSMENTS
650 _aPLANNING SYSTEM
690 _aENVIRONMENTAL AND LAND CONSULTANCY-ENERGY
942 _n0
999 _c72803
_d72803